000 00592 a2200181 4500
003 Nust
005 20221215091904.0
040 _cNust
082 _a301,MAC
100 _aMacionis, John J.
_924723
245 _aSociology /
_cJohn J. Macionis
250 _a14th ed
260 _aNew York
_bPearson
_c2012
300 _axxv,670 p.
505 _aPART-1: The Foundations of Sociology (Page-1) PART-2: The Foundations of Society (Page-52) PART-3: Social Inequality (Page-268) Social Institutions (Page-368) Social Change (Page-510).
650 _aSociology
_9367
942 _2ddc
_cBK
_k301,MAC
999 _c194903
_d194903